Brand Logos Quiz #10 - Statistics

General Stats
  • This quiz has been taken 170,221 times
  • The average score is 10 of 20
Answer Stats
Picture Answer % Correct
BMW
97%
Pinterest
88%
AirBnb
73%
Krispy Kreme
71%
Evian
68%
Home Depot
58%
Old Spice
57%
Häagen-Dazs
53%
Chips Ahoy!
50%
English Premier League
50%
Tabasco
49%
Little Caesar's
48%
Nescafe
43%
Citi
42%
Yoplait
37%
Uniqlo
35%
Sephora
29%
Wonder Bread
29%
Texas Instruments
27%
Fuji
14%
No matching quizzes found
Score Distribution
Percent of People with Each Score
Percentile by Number Answered
Your Score History
You have not taken this quiz